TCP/IP illustrated: the protocols (Record no. 570)

MARC details
000 -LEADER
Fixed length control field 00459nam a2200169 4500
003 - CONTROL NUMBER IDENTIFIER
Control field SEACOMEC
005 - DATE AND TIME OF LATEST TRANSACTION
Control field 20240201152515.0
008 - FIXED-LENGTH DATA ELEMENTS--GENERAL INFORMATION
Fixed length control field 240201b |||||||| |||| 00| 0 eng d
020 ## - INTERNATIONAL STANDARD BOOK NUMBER / ISBN
Price Rs.350.00
040 ## - CATALOGING SOURCE
Original cataloging agency SEACOMEC
082 ## - DEWEY DECIMAL CLASSIFICATION NUMBER
Classification number 004.62
Book Number S844
100 ## - MAIN ENTRY--PERSONAL NAME
Personal name Stevens,W.Richard
245 1# - TITLE STATEMENT
Title TCP/IP illustrated: the protocols
Statement of responsibility W.Richard Stevens
260 ## - IMPRINT
Place of publication Delhi
Name of publisher pearson
Date of publication 2004
650 ## - SUBJECT ADDED ENTRY--TOPICAL TERM
Topical term Computer science,Interfacing and communications
942 ## - ADDED ENTRY ELEMENTS (KOHA)
Koha item type Books
Holdings
Withdrawn status Lost status Source of classification Damaged status Not for loan Home library Current library Date acquired Total Checkouts Call number Accession number Date last seen Copy number Price effective from Koha item type
    Dewey Decimal Classification     SEACOM ENGINEERING COLLEGE SEACOM ENGINEERING COLLEGE 06/06/2006   004.62 S844 02084 01/02/2024 2 01/02/2024 Books
    Dewey Decimal Classification     SEACOM ENGINEERING COLLEGE SEACOM ENGINEERING COLLEGE 06/06/2006   004.62 S844 02085 01/02/2024 3 01/02/2024 Books
© Seacom Engineering College, All rights reserved.      Powered by Koha